00696nam a2200205 u 450000100100000000500170001000800410002702000150006804000250008308200130010810000360012124500520015726000570020930000210026649000270028783000330031404900090034795201170035699900170047300002508520200930023545.0110209s1992 xxu r 000 0 eng d a0451171691 aDO-SdBNPbengcBNPHU ann*bnn*1 aDolan, Charlotte Louise.95147613aThe resolute runaway /cCharlotte Louise Dolan. aEstados Unidos de América :bPenguin Books,c1992. a220 p. ;c18 cm.1 aSignet regency romance 0aSignet regency romance96777 aBNGR 001054708MOaGRbGRcCTd2011-02-09iLF1l0onn* nn*p25085-10r2020-06-25w2020-06-25y4ZPréstamo en sala c24578d24578